Modernización agrícola y pobreza rural en Guatemala /

Guardado en:
書目詳細資料
主要作者: Hintermeister, Alberto
格式: Texto
主題:
標簽: 添加標簽
沒有標簽, 成為第一個標記此記錄!

MARC

LEADER 00000 a a2200000 04500
001 12672
003
040
100 |a Hintermeister, Alberto  
245 |a Modernización agrícola y pobreza rural en Guatemala /  |c Alberto Hintermeister 
650 |a DESARROLLO AGRICOLA  
650 |a ESTRUCTURA AGRARIA  
650 |a POBLACION RURAL  
650 |a POBREZA  
650 |a MODERNIZACION  
650 |a POBLACION RURAL  
650 |a POBREZA  
650 |a DESARROLLO AGRICOLA  
650 |a CREDITO  
650 |a POBLACION ACTIVA  
650 |a INGRESO  
650 |a EXPORTACIONES  
650 |a PRECIOS  
773 |g número 17 -18; páginas 25-45  
999 |c 19757  |d 19757